Statistics for Asian General Knowledge #1

Click here to take the quiz!

General Stats

  • This quiz has been taken 22 times
    (20 since last reset)
  • The average score is 4 of 7

Answer Stats

QuestionAnswer% Correct
Which Asian country is best to live inSingapore
94%
Singapore has a building inspired by a Star Wars robotTrue
81%
Which country is most densely populated in AsiaIndia
56%
What is the smallest Asian CountryMaldives
56%
Which Asian country is the Hindu Kush inPakistan, Afghanistan
56%
Which Asian country has the spiciest foodThailand
25%
How many people live in Asia (2018)4.561 billion
19%

Score Distribution

Percentile by Number Answered

Percent of People with Each Score

Your Score History

You have not taken this quiz since the last reset